| 000 | 01772nam0a2200361 4500 | ||
|---|---|---|---|
| 001 | RU\NLR\bibl\1135303 | ||
| 005 | 20260405144612.0 | ||
| 010 |
_a5-88983-050-3 _9500 |
||
| 021 |
_aRU _b2007-57647 _93063 |
||
| 035 | _a(NLR Aleph) 001122188 | ||
| 090 |
_a1305129 _c1305129 |
||
| 100 | _a20071003d2006 |||y0rusy50 ca | ||
| 101 | 0 | _arus | |
| 102 | _aRU | ||
| 105 | _ay ||||||||| | ||
| 200 | 1 |
_aДжордж Герберт Мид: философ, психолог, социолог _dGeorge Herbert Mead: A philosopher, a psychologist, a sociologist _fКравченко Елена Ивановна _gФедер. агентство по образованию, Гос. образоват. учреждение высш. проф. образования "Моск. гос. лингв. ун-т" _zeng |
|
| 210 |
_aМосква _cИзд-во МГЛУ "РЕМА" _d2006 |
||
| 215 |
_a286 с. _d21 |
||
| 300 | _aАвт. также на англ. яз.: Elena Kravchenko | ||
| 320 | _aБиблиогр.: с. 276-286 и в подстроч. прим. | ||
| 510 | 1 |
_6z20790 _aGeorge Herbert Mead: A philosopher, a psychologist, a sociologist _zeng |
|
| 600 | 1 |
_aМид _bД.Г. _f1863 - 1931 _gДжордж Герберт _91655410 _3RU\NLR\auth\66732965 |
|
| 686 | _aЮ3(7США)6-652 | ||
| 700 | 1 |
_4070 _8rus _7ca _aКравченко _bЕ. И. _f1960- _gЕлена Ивановна _3RU\NLR\auth\7760176 _943107 |
|
| 702 | 1 |
_4570 _aМид _bД. Г. _f1863-1931 _gДжордж Герберт _9137975 _3RU\NLR\AUTH\770138010 |
|
| 790 | 1 |
_4070 _8rus _7ba _aKravčenko _bE. I. _f1960- _gElena Ivanovna _3RU\NLR\auth\7760177 _943108 |
|
| 801 | 0 |
_aRU _bNLR _c20071003 _gRCR |
|
| 801 | 1 |
_aRU _bNLR _c20071003 |
|
| 830 | _aпо кн | ||
| 942 | _cBOOK | ||
| 980 | _aNB | ||